STARSTRUKK (Remix) - 3OH!3 Feat. Katy Perry - All Lyrics - Statistics

General Stats
  • This quiz has been taken 22 times
  • The average score is 268 of 348
Answer Stats
Answer % Correct
a
100%
do
100%
Do
100%
I
100%
who
100%
(Whoa-oh)
100%
ya
100%
go
94%
in
94%
it
94%
love
94%
make
94%
You
94%
you
94%
know
88%
me
88%
on
88%
that
88%
the
88%
to
88%
To
88%
we
88%
all
81%
All
81%
‘Cause
81%
'Cause
81%
come
81%
Daisy
81%
don't
81%
Don’t
81%
Ds
81%
Dukes
81%
How
81%
is
81%
It
81%
just
81%
Just
81%
like
81%
man
81%
should
81%
think
81%
Tight
81%
up,
81%
up
81%
with
81%
double
75%
down
75%
jeans,
75%
makes
75%
never
75%
Nice
75%
not
75%
of
75%
out,
75%
out
75%
people
75%
pronounce
75%
see-through
75%
shirts
75%
were
75%
word
75%
and
69%
another
69%
cut,
69%
fingerprints
69%
gonna
69%
I'm
69%
innocent
69%
learned
69%
leaving
69%
legs,
69%
L-O-V-E's
69%
my
69%
personally
69%
say
69%
something
69%
sorry?
69%
street
69%
take
69%
they
69%
through
69%
way
69%
what
69%
without
69%
are
63%
flirt
63%
girl
63%
knock
63%
Low
63%
makin'
63%
now
63%
Now
63%
really
63%
set
63%
shit
63%
That’s
63%
That's
63%
them
63%
type
63%
work
63%
your
63%
doesn't
56%
matter
56%
bar
50%
car
50%
she
50%
this
50%
tryin'
50%
was
50%
window
50%
across
44%
Find
44%
kids
44%
Whistlin'
38%
Iced
31%
lit
31%
Singin'
31%
No matching quizzes found
Score Distribution
Percent of People with Each Score
Percentile by Number Answered
Your Score History
You have not taken this quiz